[Event "Ruhrgebiet Verbandsliga Gruppe 2 1819"]
[Site "Nordrheinwestfalen"]
[Date "2019.05.05"]
[Round "9.7"]
[White "Wolff, Torsten"]
[Black "Mamikonyan, Davit"]
[Result "1-0"]
[WhiteElo "1859"]
[BlackElo "1784"]
[PlyCount "109"]
[EventDate "2018.09.23"]
[EventType "team-tourn"]
[EventRounds "9"]
[EventCountry "GER"]
[SourceTitle "EXT 2022"]
[Source "ChessBase"]
[SourceDate "2021.10.06"]
[SourceVersion "1"]
[SourceVersionDate "2021.10.06"]
[SourceQuality "1"]
[WhiteTeam "Dortmund SV"]
[BlackTeam "Essen Katernberg III"]
[WhiteTeamCountry "GER"]
[BlackTeamCountry "GER"]

1. d4 d5 2. c4 e5 3. dxe5 d4 4. Nf3 Nc6 5. a3 Nge7 6. b4 Bg4 7. Bb2 Bxf3 8. exf3 Ng6 9. Bd3 Qg5 10. g3 Qxe5+ 11. Kf1 0-0-0 12. f4 Qe8 13. Qa4 Qd7 14. h3 Bd6 15. c5 Bxf4 16. Qc2 Qd5 17. Be4 d3 18. Bxd5 dxc2 19. Nc3 Be5 20. Be4 Rd2 21. Rc1 Rhd8 22. Kg2 Nf4+ 23. gxf4 Bxf4 24. Rxc2 Rxc2 25. Bxc2 Rd2 26. Bf5+ Kd8 27. Rd1 g6 28. Be4 Kd7 29. Rxd2+ Bxd2 30. Nd5 h5 31. Kf3 f5 32. Bc2 Nd8 33. Nf4 Bxf4 34. Kxf4 Ne6+ 35. Ke5 Ng5 36. h4 Nf3+ 37. Kf6 Nxh4 38. Kg5 Nf3+ 39. Kxg6 a5 40. Bxf5+ Ke8 41. Kxh5 Nd2 42. Bd3 b6 43. cxb6 cxb6 44. bxa5 bxa5 45. Bc3 Nb3 46. Bc4 Nc5 47. Bxa5 Ne4 48. f4 Nd6 49. Bd3 Kf7 50. Bc7 Nc8 51. Bf5 Ne7 52. Be4 Ke6 53. a4 Ng8 54. Be5 Ne7 55. a5 1-0

[Event "Ruhrgebiet Regionalliga 1718"]
[Site "Germany"]
[Date "2018.01.21"]
[Round "5.6"]
[White "Weyh, Thomas"]
[Black "Wolff, Torsten"]
[Result "1/2-1/2"]
[WhiteElo "2000"]
[BlackElo "1901"]
[PlyCount "120"]
[EventDate "2017.10.01"]
[EventType "team-tourn"]
[EventRounds "9"]
[EventCountry "GER"]
[SourceTitle "EXT 2022"]
[Source "ChessBase"]
[SourceDate "2021.10.06"]
[SourceVersion "1"]
[SourceVersionDate "2021.10.06"]
[SourceQuality "1"]
[WhiteTeam "Oberhausen SV II"]
[BlackTeam "Dortmund SV"]
[WhiteTeamCountry "GER"]
[BlackTeamCountry "GER"]

1. d4 d5 2. c4 e6 3. Nc3 c6 4. Nf3 Bd6 5. e4 dxe4 6. Nxe4 Bb4+ 7. Bd2 Bxd2+ 8. Qxd2 Nf6 9. Bd3 h6 10. 0-0 Nxe4 11. Bxe4 0-0 12. Rad1 Qf6 13. Ne5 Nd7 14. f4 Rd8 15. Qe3 Qe7 16. Qf3 f5 17. Bc2 Nxe5 18. dxe5 Rxd1 19. Rxd1 Bd7 20. Rd6 Re8 21. Qd3 Bc8 22. c5 Kf8 23. Bd1 g6 24. Qh3 Kg7 25. Qg3 Kf7 26. h4 h5 27. Qf2 Rd8 28. g3 Qc7 29. Qd4 Re8 30. b4 Re7 31. Bb3 Bd7 32. Bc4 a6 33. a3 Qc8 34. Qd3 Kg7 35. Kf2 Qc7 36. a4 Qc8 37. Qb3 Kf7 38. Ke3 Qc7 39. Qd3 Kg7 40. Qb3 Kf7 41. Bd3 Qc8 42. Kd4 Qc7 43. Be2 Kg7 44. a5 Qc8 45. Qd1 Be8 46. Ke3 Qc7 47. Bf3 Rd7 48. Rxd7+ Qxd7 49. Qd6 Kf7 50. Kd4 Qc8 51. Kc4 Bd7 52. Kc3 Be8 53. Be2 Bd7 54. Qd1 Qd8 55. Bc4 Qc8 56. Qd3 Kg7 57. Qd6 Kf7 58. Kc2 Be8 59. Kd2 Qd7 60. Ke3 Qc8 1/2-1/2

[Event "Ruhrgebiet Regionalliga 1718"]
[Site "Germany"]
[Date "2017.10.22"]
[Round "2.5"]
[White "Linde, Wolfgang"]
[Black "Wolff, Torsten"]
[Result "1-0"]
[WhiteElo "2078"]
[BlackElo "1892"]
[PlyCount "63"]
[EventDate "2017.10.01"]
[EventType "team-tourn"]
[EventRounds "9"]
[EventCountry "GER"]
[SourceTitle "EXT 2022"]
[Source "ChessBase"]
[SourceDate "2021.10.06"]
[SourceVersion "1"]
[SourceVersionDate "2021.10.06"]
[SourceQuality "1"]
[WhiteTeam "Welper SV"]
[BlackTeam "Dortmund SV"]
[WhiteTeamCountry "GER"]
[BlackTeamCountry "GER"]

1. e4 c5 2. c3 Nf6 3. e5 Nd5 4. d4 cxd4 5. cxd4 d6 6. Nf3 e6 7. Bc4 Nb6 8. Bd3 Nc6 9. 0-0 Nb4 10. Bg5 Be7 11. Bxe7 Qxe7 12. Nc3 Nxd3 13. Qxd3 Bd7 14. Ne4 Nc8 15. Rac1 Bc6 16. Rc3 f6 17. Re1 0-0 18. exd6 Nxd6 19. Nc5 e5 20. dxe5 Nb5 21. Rcc1 Rfd8 22. Qb3+ Kh8 23. exf6 Qxf6 24. Ne5 Rf8 25. f3 a6 26. Kh1 Rad8 27. Nxc6 bxc6 28. Ne4 Qh6 29. Qc4 Nd4 30. Rcd1 Nf5 31. Qf7 Rde8 32. Qd7 1-0

[Event "Ruhrgebiet Verbandsliga Gruppe 1 1516"]
[Site "Germany"]
[Date "2016.03.20"]
[Round "8.5"]
[White "Wolff, Torsten"]
[Black "Kauder, Hartmut"]
[Result "0-1"]
[WhiteElo "1891"]
[BlackElo "2112"]
[PlyCount "72"]
[EventDate "2015.09.06"]
[EventType "team-tourn"]
[EventRounds "9"]
[EventCountry "GER"]
[SourceTitle "EXT 2022"]
[Source "ChessBase"]
[SourceDate "2021.10.06"]
[SourceVersion "1"]
[SourceVersionDate "2021.10.06"]
[SourceQuality "1"]
[WhiteTeam "Dortmund SV"]
[BlackTeam "Hamm Koenigsspringer"]
[WhiteTeamCountry "GER"]
[BlackTeamCountry "GER"]

1. d4 f5 2. e4 fxe4 3. Nc3 Nf6 4. Bg5 Nc6 5. d5 Ne5 6. Qe2 c6 7. 0-0-0 Qa5 8. Bxf6 gxf6 9. Qxe4 Bh6+ 10. Kb1 0-0 11. f4 Ng6 12. f5 Ne5 13. Nf3 d6 14. Nd4 Bd7 15. Ne6 Bxe6 16. fxe6 f5 17. Qh4 Rf6 18. Bd3 Bg7 19. Ne2 cxd5 20. Rhf1 Raf8 21. Nd4 Nxd3 22. Rxd3 Qd8 23. Qe1 f4 24. g3 Qe8 25. g4 Qg6 26. Nf5 Re8 27. Nxg7 Kxg7 28. Rxd5 Rxe6 29. Qh4 Re5 30. Rd3 Rf8 31. Rdf3 Re2 32. Rc1 e5 33. g5 Rc8 34. a3 Rg2 35. Qh3 Rgxc2 36. Qh6+ Kh8 0-1

[Event "Ruhrgebiet Verbandsliga Gruppe 1 1516"]
[Site "Germany"]
[Date "2016.02.21"]
[Round "7.7"]
[White "Tochtrop, Lothar"]
[Black "Wolff, Torsten"]
[Result "1/2-1/2"]
[WhiteElo "1887"]
[BlackElo "1891"]
[PlyCount "37"]
[EventDate "2015.09.06"]
[EventType "team-tourn"]
[EventRounds "9"]
[EventCountry "GER"]
[SourceTitle "EXT 2022"]
[Source "ChessBase"]
[SourceDate "2021.10.06"]
[SourceVersion "1"]
[SourceVersionDate "2021.10.06"]
[SourceQuality "1"]
[WhiteTeam "Bottrop SV"]
[BlackTeam "Dortmund SV"]
[WhiteTeamCountry "GER"]
[BlackTeamCountry "GER"]

1. e4 c5 2. Nf3 e6 3. d4 cxd4 4. Nxd4 a6 5. Nd2 Qc7 6. Bd3 b5 7. 0-0 Nf6 8. N2f3 Bb7 9. e5 Nd5 10. a3 Be7 11. Re1 Nc6 12. c3 d6 13. exd6 Qxd6 14. Qe2 Nf4 15. Bxf4 Qxf4 16. Nxc6 Bxc6 17. Ne5 Bd6 18. g3 Qxe5 19. Qxe5 1/2-1/2

[Event "Ruhrgebiet Verbandsliga Gruppe 1 1516"]
[Site "Germany"]
[Date "2015.09.27"]
[Round "2.6"]
[White "Krieglstein, Marcel"]
[Black "Wolff, Torsten"]
[Result "1-0"]
[WhiteElo "1788"]
[BlackElo "1892"]
[PlyCount "67"]
[EventDate "2015.09.06"]
[EventType "team-tourn"]
[EventRounds "9"]
[EventCountry "GER"]
[SourceTitle "EXT 2022"]
[Source "ChessBase"]
[SourceDate "2021.10.06"]
[SourceVersion "1"]
[SourceVersionDate "2021.10.06"]
[SourceQuality "1"]
[WhiteTeam "Holsterhausen SK"]
[BlackTeam "Dortmund SV"]
[WhiteTeamCountry "GER"]
[BlackTeamCountry "GER"]

1. d4 Nf6 2. c4 g6 3. Nc3 d5 4. cxd5 Nxd5 5. e4 Nxc3 6. bxc3 Bg7 7. Bb5+ Bd7 8. Bxd7+ Qxd7 9. Be3 0-0 10. Ne2 c5 11. 0-0 Qc7 12. Rb1 Nd7 13. f4 b6 14. f5 e5 15. d5 c4 16. Qa4 Nf6 17. Qc2 Ng4 18. Qd2 Nxe3 19. Qxe3 f6 20. h4 Rac8 21. Qd2 Kf7 22. fxg6+ hxg6 23. Qg5 Qc5+ 24. Rf2 Rh8 25. Qg4 Rce8 26. Rd1 Qc8 27. Qg3 Rh6 28. d6 Reh8 29. Qxe5 Rxh4 30. Qe7+ Kg8 31. Kf1 Rh1+ 32. Ng1 Qg4 33. Rd4 R8h2 34. d7 1-0

[Event "Ruhrgebiet Verbandsklasse Gruppe 2 1415"]
[Site "Germany"]
[Date "2014.12.14"]
[Round "4.6"]
[White "Wolff, Torsten"]
[Black "Zobiegala, Christoph"]
[Result "0-1"]
[WhiteElo "1900"]
[BlackElo "1852"]
[PlyCount "54"]
[EventDate "2014.09.21"]
[EventType "team-tourn"]
[EventRounds "9"]
[EventCountry "GER"]
[SourceTitle "EXT 2022"]
[Source "ChessBase"]
[SourceDate "2021.10.06"]
[SourceVersion "1"]
[SourceVersionDate "2021.10.06"]
[SourceQuality "1"]
[WhiteTeam "Dortmund SV"]
[BlackTeam "Castrop Rauxel II"]
[WhiteTeamCountry "GER"]
[BlackTeamCountry "GER"]

1. d4 d5 2. Nf3 Nf6 3. e3 Bf5 4. c4 c6 5. Nc3 e6 6. Qb3 Qb6 7. c5 Qc7 8. Be2 h6 9. Qa4 Nbd7 10. 0-0 Be7 11. Nd2 e5 12. b4 0-0 13. Qb3 Ng4 14. h3 exd4 15. hxg4 dxc3 16. gxf5 cxd2 17. Bxd2 Bf6 18. Bc3 Rfe8 19. Bd3 Ne5 20. Bc2 Ng4 21. Rfe1 Qh2+ 22. Kf1 Qh1+ 23. Ke2 Qxg2 24. Kd2 d4 25. exd4 Qxf2+ 26. Kd3 Qf3+ 27. Kd2 Bg5+ 0-1

[Event "Ruhrgebiet Verbandsklasse Gruppe 2 1415"]
[Site "Germany"]
[Date "2014.10.19"]
[Round "2.6"]
[White "Wolff, Torsten"]
[Black "Potyrala, Lukasz Rafal"]
[Result "1/2-1/2"]
[WhiteElo "1900"]
[BlackElo "1595"]
[PlyCount "59"]
[EventDate "2014.09.21"]
[EventType "team-tourn"]
[EventRounds "9"]
[EventCountry "GER"]
[SourceTitle "EXT 2022"]
[Source "ChessBase"]
[SourceDate "2021.10.06"]
[SourceVersion "1"]
[SourceVersionDate "2021.10.06"]
[SourceQuality "1"]
[WhiteTeam "Dortmund SV"]
[BlackTeam "Muelheim Nord V"]
[WhiteTeamCountry "GER"]
[BlackTeamCountry "GER"]

1. d4 f5 2. g3 d5 3. Bg2 e6 4. Nf3 Nf6 5. b3 Bd6 6. a4 c6 7. Ba3 Qa5+ 8. c3 Bxa3 9. Rxa3 Ne4 10. 0-0 Nd7 11. Qc2 Ndf6 12. Ne5 0-0 13. Ra2 Qc7 14. c4 Bd7 15. Qd3 Nd6 16. Rc1 Qd8 17. b4 a6 18. c5 Nf7 19. Nd2 Be8 20. Nb1 Ng5 21. Rb2 Nd7 22. Na3 Nxe5 23. dxe5 f4 24. gxf4 Rxf4 25. Qg3 Rf8 26. Rd2 Bg6 27. Nc2 Bxc2 28. Rcxc2 Qe7 29. Rd4 Rf5 30. Rg4 1/2-1/2

[Event "NRW Verbandsliga Group2 1314"]
[Site "Nordrheinwestfalen"]
[Date "2014.03.09"]
[Round "8"]
[White "Wolff, Torsten"]
[Black "Hochstein, Udo"]
[Result "1/2-1/2"]
[WhiteElo "1914"]
[BlackElo "1922"]
[PlyCount "53"]
[EventDate "2013.09.08"]
[EventType "team-tourn"]
[EventRounds "9"]
[EventCountry "GER"]
[SourceTitle "EXT 2020"]
[Source "ChessBase"]
[SourceDate "2019.10.17"]
[SourceVersion "1"]
[SourceVersionDate "2019.10.17"]
[SourceQuality "1"]
[WhiteTeam "Dortmund SV"]
[BlackTeam "Bochum-Linden"]
[WhiteTeamCountry "GER"]
[BlackTeamCountry "GER"]

1. d4 Nf6 2. c4 g6 3. g3 Bg7 4. Bg2 0-0 5. Nf3 d6 6. Nc3 c6 7. 0-0 Qa5 8. e4 e5 9. h3 Nbd7 10. d5 cxd5 11. cxd5 b5 12. Nd2 Ba6 13. Re1 b4 14. Nb3 Qc7 15. Ne2 Bb5 16. a4 bxa3 17. Rxa3 Nb6 18. Nc3 Bd7 19. Na5 Rfb8 20. Bf1 a6 21. Kh2 Nc8 22. Bd3 Ne7 23. Qe2 Qb6 24. Nc4 Qc7 25. Na5 Qb6 26. Nc4 Qc7 27. Na5 1/2-1/2

[Event "NRW Verbandsliga Group2 1314"]
[Site "Nordrheinwestfalen"]
[Date "2014.01.26"]
[Round "6"]
[White "Wolff, Torsten"]
[Black "Dukic, Dalibor"]
[Result "1/2-1/2"]
[WhiteElo "1914"]
[BlackElo "1983"]
[PlyCount "91"]
[EventDate "2013.09.08"]
[EventType "team-tourn"]
[EventRounds "9"]
[EventCountry "GER"]
[SourceTitle "EXT 2020"]
[Source "ChessBase"]
[SourceDate "2019.10.17"]
[SourceVersion "1"]
[SourceVersionDate "2019.10.17"]
[SourceQuality "1"]
[WhiteTeam "Dortmund SV"]
[BlackTeam "Hamm SVg"]
[WhiteTeamCountry "GER"]
[BlackTeamCountry "GER"]

1. d4 Nf6 2. c4 d6 3. Nf3 Nbd7 4. Nc3 e5 5. g3 c6 6. Qc2 Be7 7. Bg2 0-0 8. 0-0 Qc7 9. h3 b6 10. b3 Bb7 11. Ba3 Rfe8 12. Rac1 Rad8 13. e4 Bf8 14. Rfd1 Qb8 15. Bb2 Qa8 16. Re1 a6 17. dxe5 dxe5 18. Rcd1 b5 19. Nd2 Qa7 20. Re2 Nc5 21. Nf1 Ne6 22. Nb1 Nd4 23. Bxd4 exd4 24. Rd3 Nd7 25. Nbd2 Ne5 26. f4 Nxd3 27. Qxd3 Qc5 28. Kh2 Qb4 29. e5 Qc3 30. Qf5 Bc8 31. Qg5 Be7 32. Qh5 g6 33. Qh6 Bf8 34. Qh4 Be7 35. Qh6 d3 36. Re1 Bd7 37. Ne4 Qd4 38. Nfd2 f6 39. Nf3 Qb2 40. Rb1 Qxb1 41. Nxf6+ Bxf6 42. exf6 Kf7 43. Ng5+ Kxf6 44. Nxh7+ Ke7 45. Qg7+ Kd6 46. Qd4+ 1/2-1/2

[Event "Ruhrgebiet Verbandsliga1 1213"]
[Site "Nordrheinwestfalen"]
[Date "2012.10.14"]
[Round "3.5"]
[White "Wolff, Torsten"]
[Black "Klanert, Karsten"]
[Result "1/2-1/2"]
[WhiteElo "1902"]
[BlackElo "2076"]
[PlyCount "69"]
[EventDate "2012.09.02"]
[EventType "team-tourn"]
[EventRounds "9"]
[EventCountry "GER"]
[SourceTitle "EXT 2020"]
[Source "ChessBase"]
[SourceDate "2019.10.17"]
[SourceVersion "1"]
[SourceVersionDate "2019.10.17"]
[SourceQuality "1"]
[WhiteTeam "Dortmund SV"]
[BlackTeam "Dortmund FS 98"]
[WhiteTeamCountry "GER"]
[BlackTeamCountry "GER"]

1. d4 Nf6 2. Bf4 c5 3. e3 d5 4. Nf3 e6 5. Nbd2 Nc6 6. c3 Bd6 7. Ne5 Qc7 8. Bb5 0-0 9. Nd3 Bxf4 10. Bxc6 bxc6 11. Nxf4 e5 12. dxe5 Qxe5 13. 0-0 Rb8 14. Qc1 Bf5 15. Rd1 Rfd8 16. Nb3 c4 17. Nd4 Bd7 18. Nf3 Qe7 19. Qc2 Ne4 20. b4 Qf6 21. Nd4 Qe5 22. Re1 Re8 23. Rac1 Re7 24. Nf3 Qc7 25. Nd4 Qd6 26. Rb1 Rf8 27. f3 Nf6 28. g3 Re5 29. Kf2 Rfe8 30. Re2 g5 31. Ng2 g4 32. f4 Ne4+ 33. Kg1 Rh5 34. Nh4 Qh6 35. Rg2 1/2-1/2

[Event "Ruhrgebiet Verbandsliga1 1213"]
[Site "Nordrheinwestfalen"]
[Date "2012.09.30"]
[Round "2.6"]
[White "Wolff, Torsten"]
[Black "Beierlein, Martin"]
[Result "1/2-1/2"]
[WhiteElo "1902"]
[BlackElo "1888"]
[PlyCount "83"]
[EventDate "2012.09.02"]
[EventType "team-tourn"]
[EventRounds "9"]
[EventCountry "GER"]
[SourceTitle "EXT 2020"]
[Source "ChessBase"]
[SourceDate "2019.10.17"]
[SourceVersion "1"]
[SourceVersionDate "2019.10.17"]
[SourceQuality "1"]
[WhiteTeam "Dortmund SV"]
[BlackTeam "Oberhausen SV III"]
[WhiteTeamCountry "GER"]
[BlackTeamCountry "GER"]

1. d4 Nf6 2. Bf4 b6 3. e3 e6 4. Nd2 Bb7 5. Ngf3 Be7 6. Bd3 0-0 7. h3 Nd5 8. Bh2 Nb4 9. Be2 f5 10. c4 Be4 11. Nxe4 fxe4 12. Nd2 d5 13. Qb3 a5 14. a3 a4 15. Qc3 N4a6 16. 0-0 c5 17. Bg4 Rf6 18. f3 cxd4 19. exd4 Nc6 20. fxe4 Rh6 21. cxd5 exd5 22. exd5 Nxd4 23. Qc4 b5 24. Qd3 Qxd5 25. Kh1 Nc5 26. Qc3 Rd8 27. Rad1 Rc6 28. Nf3 Ncb3 29. Qe3 Bf6 30. Nxd4 Bxd4 31. Bf3 Qd7 32. Bxc6 Qxc6 33. Rxd4 Nxd4 34. Rd1 Ne6 35. Rxd8+ Nxd8 36. Be5 Ne6 37. Bc3 Qd5 38. Kh2 h6 39. Qb6 Kf7 40. Qf2+ Kg6 41. Qb6 Kh7 42. Qe3 1/2-1/2

[Event "Ruhrgebiet Verbandsliga1 1213"]
[Site "Nordrheinwestfalen"]
[Date "2012.09.02"]
[Round "1.6"]
[White "Wilbert, Siegfried"]
[Black "Wolff, Torsten"]
[Result "0-1"]
[WhiteElo "1914"]
[BlackElo "1902"]
[PlyCount "126"]
[EventDate "2012.09.02"]
[EventType "team-tourn"]
[EventRounds "9"]
[EventCountry "GER"]
[SourceTitle "EXT 2020"]
[Source "ChessBase"]
[SourceDate "2019.10.17"]
[SourceVersion "1"]
[SourceVersionDate "2019.10.17"]
[SourceQuality "1"]
[WhiteTeam "Buer SF"]
[BlackTeam "Dortmund SV"]
[WhiteTeamCountry "GER"]
[BlackTeamCountry "GER"]

1. c4 g6 2. Nc3 Nf6 3. d4 Bg7 4. e4 d6 5. f3 0-0 6. Bd3 e5 7. d5 Nh5 8. Nge2 Qh4+ 9. g3 Qe7 10. Be3 c5 11. Qd2 Na6 12. g4 Nf6 13. 0-0-0 Ne8 14. Ng3 Nac7 15. h4 f6 16. Rdg1 a6 17. Kb1 b5 18. Bh6 bxc4 19. Bxc4 Nb5 20. Nxb5 axb5 21. Bxb5 Bxh6 22. Qxh6 Ba6 23. Bc6 Bb7 24. Bxe8 Raxe8 25. Ne2 Ba6 26. Nc3 Rb8 27. Qd2 Rb4 28. Rc1 Rfb8 29. Rcd1 Rxb2+ 30. Qxb2 Rxb2+ 31. Kxb2 Qb7+ 32. Kc2 h6 33. Rb1 Qa7 34. a4 c4 35. Rhf1 h5 36. gxh5 gxh5 37. Rg1+ Kh7 38. Rg2 Qe3 39. Rbg1 Qxf3 40. Rg7+ Kh8 41. R1g2 Bc8 42. R7g3 Qf1 43. Kb2 Bh3 44. Rh2 Bg4 45. a5 Qf4 46. Rhg2 Bf3 47. a6 Bxg2 48. Rxg2 Qe3 49. Kc2 Qb6 50. Kc1 Qxa6 51. Rb2 Kg7 52. Kc2 Kg6 53. Rb8 f5 54. exf5+ Kxf5 55. Rg8 Qa7 56. Rg5+ Kf4 57. Rg2 Qb6 58. Nd1 Kf3 59. Rg5 Qb3+ 60. Kc1 Qa3+ 61. Kc2 Qa2+ 62. Kc1 c3 63. Rxh5 Qd2+ 0-1

[Event "Ruhrgebiet VK3 1112"]
[Site "Nordrheinwestfalen"]
[Date "2012.04.22"]
[Round "9.6"]
[White "Wuthcke, Dieter"]
[Black "Wolff, Torsten"]
[Result "0-1"]
[WhiteElo "1742"]
[BlackElo "1894"]
[PlyCount "68"]
[EventDate "2012.09.18"]
[EventType "team-tourn"]
[EventRounds "9"]
[EventCountry "GER"]
[SourceTitle "EXT 2020"]
[Source "ChessBase"]
[SourceDate "2019.10.17"]
[SourceVersion "1"]
[SourceVersionDate "2019.10.17"]
[SourceQuality "1"]
[WhiteTeam "Germania Kupferdreh"]
[BlackTeam "Dortmund SV"]
[WhiteTeamCountry "GER"]
[BlackTeamCountry "GER"]

1. d4 d5 2. c4 e6 3. Nf3 c6 4. e3 Bd6 5. Nbd2 f5 6. g3 Nd7 7. Bg2 Qf6 8. a3 Ne7 9. b4 e5 10. c5 Bc7 11. dxe5 Nxe5 12. Nxe5 Bxe5 13. Rb1 Qg6 14. Qc2 a6 15. Nf3 Bf6 16. Bb2 Bxb2 17. Qxb2 0-0 18. 0-0 Rf6 19. Nd4 Bd7 20. Rbd1 Raf8 21. Nf3 Qh5 22. Rd4 g5 23. h4 h6 24. Ne5 Bc8 25. Bf3 Qe8 26. Kg2 Ng6 27. Nxg6 Qxg6 28. hxg5 hxg5 29. Rh1 Qg7 30. Bd1 Rh6 31. Qe2 f4 32. exf4 Rxh1 33. Kxh1 Qxd4 34. Qh5 gxf4 0-1

[Event "Ruhrgebiet VK3 1112"]
[Site "Nordrheinwestfalen"]
[Date "2012.02.12"]
[Round "6"]
[White "Fiori, Bruno"]
[Black "Wolff, Torsten"]
[Result "1/2-1/2"]
[WhiteElo "2161"]
[BlackElo "1894"]
[PlyCount "60"]
[EventDate "2012.09.18"]
[EventType "team-tourn"]
[EventRounds "9"]
[EventCountry "GER"]
[SourceTitle "EXT 2020"]
[Source "ChessBase"]
[SourceDate "2019.10.17"]
[SourceVersion "1"]
[SourceVersionDate "2019.10.17"]
[SourceQuality "1"]
[WhiteTeam "Osterfeld Schwarze Dame"]
[BlackTeam "Dortmund SV"]
[WhiteTeamCountry "GER"]
[BlackTeamCountry "GER"]

1. e4 c5 2. Nf3 a6 3. d4 cxd4 4. Nxd4 e6 5. c4 Nc6 6. Nc2 Nf6 7. Nc3 Bc5 8. Be2 b6 9. a3 Qc7 10. 0-0 Ne5 11. b4 Be7 12. Ne3 Bb7 13. f3 Nxc4 14. Nxc4 b5 15. e5 Ng8 16. Nd6+ Bxd6 17. Nxb5 Qb6+ 18. Nd4 Bxe5 19. Be3 Ne7 20. f4 Nd5 21. Bf2 Nc3 22. fxe5 Nxd1 23. Raxd1 Qc7 24. Rfe1 Qxe5 25. Bxa6 Qb8 26. Bb5 0-0 27. a4 Bd5 28. Bg3 Qb7 29. Rd2 Rfc8 30. Bd6 h6 1/2-1/2

[Event "Ruhrgebiet Verbandsliga1 1011"]
[Site "Nordrheinwestfalen"]
[Date "2011.04.10"]
[Round "9.6"]
[White "Galle, Wolfgang"]
[Black "Wolff, Torsten"]
[Result "1/2-1/2"]
[WhiteElo "1875"]
[BlackElo "1882"]
[PlyCount "58"]
[EventDate "2011.09.12"]
[EventType "team-tourn"]
[EventRounds "9"]
[EventCountry "GER"]
[SourceTitle "EXT 2020"]
[Source "ChessBase"]
[SourceDate "2019.10.17"]
[SourceVersion "1"]
[SourceVersionDate "2019.10.17"]
[SourceQuality "1"]
[WhiteTeam "Muelheim SC"]
[BlackTeam "Dortmund SV"]
[WhiteTeamCountry "GER"]
[BlackTeamCountry "GER"]

1. f4 d5 2. e3 g6 3. Nf3 Bg7 4. Be2 Nf6 5. 0-0 0-0 6. Qe1 c5 7. d3 Nc6 8. c3 Qd6 9. d4 a6 10. a4 Rb8 11. Na3 Bf5 12. Ne5 Nd7 13. g4 Be4 14. Nxd7 Qxd7 15. h3 c4 16. Nb1 f5 17. g5 Kf7 18. Nd2 b5 19. Nxe4 dxe4 20. axb5 axb5 21. Bd2 e6 22. Qd1 Qc7 23. b3 Na5 24. bxc4 bxc4 25. Ra4 Rfc8 26. Qc2 Rb5 27. Rfa1 Qb6 28. R1a2 Bf8 29. Bc1 Be7 1/2-1/2

[Event "Ruhrgebiet Verbandsliga1 1011"]
[Site "Nordrheinwestfalen"]
[Date "2011.02.27"]
[Round "7.5"]
[White "Wolff, Torsten"]
[Black "Voss, Wieland"]
[Result "0-1"]
[WhiteElo "1882"]
[BlackElo "2108"]
[PlyCount "54"]
[EventDate "2011.09.12"]
[EventType "team-tourn"]
[EventRounds "9"]
[EventCountry "GER"]
[SourceTitle "EXT 2020"]
[Source "ChessBase"]
[SourceDate "2019.10.17"]
[SourceVersion "1"]
[SourceVersionDate "2019.10.17"]
[SourceQuality "1"]
[WhiteTeam "Dortmund SV"]
[BlackTeam "Wattenscheid SV"]
[WhiteTeamCountry "GER"]
[BlackTeamCountry "GER"]

1. d4 Nf6 2. c4 g6 3. g3 c5 4. d5 b5 5. cxb5 a6 6. b6 Qxb6 7. Bg2 d6 8. Nf3 Bg7 9. 0-0 0-0 10. Nc3 a5 11. Re1 Ba6 12. Rb1 Ng4 13. Qc2 c4 14. e4 Nd7 15. h3 Nge5 16. Be3 Qc7 17. Nd4 Nc5 18. f4 Ned3 19. Re2 Rab8 20. Kh2 Rb7 21. Qd2 Rfb8 22. h4 Rxb2 23. Rxb2 Rxb2 24. Qd1 Qb7 25. h5 Qb4 26. Rc2 Na4 27. Rxb2 Ndxb2 0-1

[Event "Ruhrgebiet VL1 0910"]
[Site "Germany"]
[Date "2010.04.18"]
[Round "9.6"]
[White "Jurkait, Artur"]
[Black "Wolff, Torsten"]
[Result "0-1"]
[WhiteElo "1665"]
[BlackElo "1904"]
[PlyCount "112"]
[EventDate "2009.09.06"]
[EventType "team-tourn"]
[EventRounds "9"]
[EventCountry "GER"]
[SourceTitle "EXT 2011"]
[Source "ChessBase"]
[SourceDate "2010.11.26"]
[SourceVersion "1"]
[SourceVersionDate "2010.11.26"]
[SourceQuality "1"]
[WhiteTeam "Osterfeld"]
[BlackTeam "Dortmund"]
[WhiteTeamCountry "GER"]
[BlackTeamCountry "GER"]

1. Nf3 c5 2. g3 Nc6 3. Bg2 d5 4. d4 e6 5. 0-0 Nf6 6. Nc3 a6 7. Re1 Be7 8. dxc5 Bxc5 9. e3 Qc7 10. a3 b5 11. b3 Bb7 12. Bb2 Rd8 13. Ne2 0-0 14. Ned4 Ne7 15. a4 b4 16. Rc1 e5 17. Ne2 Ng6 18. c3 Qe7 19. cxb4 Bxb4 20. Bc3 Bd6 21. Qc2 Ne4 22. Ba5 Rd7 23. Qb1 Bb4 24. Bxb4 Qxb4 25. Qb2 Re8 26. Nc3 Nc5 27. Nd2 Nd3 28. Na2 Qe7 29. Qb1 Nxc1 30. Rxc1 Rc7 31. b4 Rec8 32. b5 Rxc1+ 33. Nxc1 Qa3 34. Ncb3 Qxa4 35. bxa6 Qxa6 36. Qf5 Qe6 37. Qd3 Ne7 38. Qb5 Qc6 39. Qb4 Qc7 40. Bh3 Rd8 41. Nc5 Bc8 42. Bxc8 Nxc8 43. Ndb3 Ne7 44. Nb7 Re8 45. N3c5 h6 46. Qa4 Qc6 47. Qb4 Ng6 48. Na5 Qc7 49. Nab7 Ra8 50. Qb5 Nf8 51. Kg2 Ne6 52. Na6 Qc4 53. Qxc4 dxc4 54. Nac5 Nxc5 55. Nxc5 c3 56. Nd3 c2 0-1